000 02401cam a22002174a 4500
005 20250605164015.0
008 250528s ||||||||||||||||||||||||d
035 _a16138
020 _a9602099887
040 _aGR-AtMCL
_bgre
_dGR-AtMCL
_eAACR2
245 1 _aΗλεκτρονικό Εμπόριο / Επιχειρηματική Στρατηγική και Marketing στο Διαδίκτυο
250 _a
260 _bΚλειδάριθμος,
_c2006
300 _a496
505 0 _aΓλωσσάριο, Το Νέο Περιβάλλον, Τι είναι το Internet, Τι είναι το Ηλεκτρονικό Εμπόριο, Ηλεκτρονικό Χρήμα και Ασφάλεια Συναλλαγών, Ηλεκτρονικές Πληρωμές, Ηλεκτρονικές Συναλλαγές, Στρατηγική και ''Χτίσιμο'' του Ηλεκτρονικού Καταστήματος, Marketing και Διαδίκτυο, Στρατηγικός σχεδιασμός, Δημιουργήστε μια Σωστή Παρουσία στον Κυβερνοχώρο, Επικοινωνία με τον Πελάτη, Επικοινωνήστε Μέσω Κοινοτήτων, Προβολή και Επαφή με τον Πελάτη, Κλείστε τον Κύκλο του Marketing, Ειδικά Θέματα, Βιβλιογραφία, Ευρετήριο.
520 _aΓλωσσάριο, Το Νέο Περιβάλλον, Τι είναι το Internet, Τι είναι το Ηλεκτρονικό Εμπόριο, Ηλεκτρονικό Χρήμα και Ασφάλεια Συναλλαγών, Ηλεκτρονικές Πληρωμές, Ηλεκτρονικές Συναλλαγές, Στρατηγική και ''Χτίσιμο'' του Ηλεκτρονικού Καταστήματος, Marketing και Διαδίκτυο, Στρατηγικός σχεδιασμός, Δημιουργήστε μια Σωστή Παρουσία στον Κυβερνοχώρο, Επικοινωνία με τον Πελάτη, Επικοινωνήστε Μέσω Κοινοτήτων, Προβολή και Επαφή με τον Πελάτη, Κλείστε τον Κύκλο του Marketing, Ειδικά Θέματα, Βιβλιογραφία, Ευρετήριο.
700 1 _aΠασχόπουλος Αρσένης
_92176
942 _cBK
999 _c1674
_d1674